000 00602nam a22002177a 4500
003 UA-OsUOA
001 126116
007 ta
008 20171009b un ||||| |||| 00| 0 ukr d
100 _aКасич А. О.
090 _a330(477)
_bК28
942 _cSA
040 _aUA-OsUOA
_bukr
_cUA-OsUOA
_dUA-OsUOA
245 _aМодернізаційні процеси в Україні в контексті світового досвіду
300 _aС. 38-59
955 _a0
041 _aukr
080 _a330(477)
773 0 _w126112
650 7 _a330 Економіка взагалі
_2UDC
999 _c413335
_d413335